Home Alone - Somewhere in My Memory Lyrics - Statistics

General Stats
  • This quiz has been taken 44 times
  • The average score is 8 of 16
Answer Stats
Movie Lyrics % Correct
Home Alone {Somewhere} in my memory
94%
Home Alone 2: Lost in New York {Christmas} joys all around me
69%
Home Alone Christ the joy of our {Christmas}
69%
Home Alone All of the {magic}
60%
Home Alone All of the {music}
57%
Home Alone 2: Lost in New York I can {see}
49%
Home Alone 2: Lost in New York Special {people}
49%
Home Alone All of the {family}
46%
Home Alone {Living} in my memory
46%
Home Alone 2: Lost in New York Precious {moments}
46%
Home Alone 2: Lost in New York Gazing at the {fire} glow
43%
Home Alone {Home} here with me
43%
Home Alone 2: Lost in New York {Candles} in the window
40%
Home Alone 2: Lost in New York Feeling that {gingerbread} feeling
40%
Home Alone 2: Lost in New York Happy {faces}
40%
Home Alone 2: Lost in New York Shadows {painting} the ceiling
31%
No matching quizzes found
Score Distribution
Percent of People with Each Score
Percentile by Number Answered
Your Score History
You have not taken this quiz